banner koha

Biogenic, sedimentary, and metamorphic limestone: a comparative characterization of soil amendments (Registro n. 331970)

MARC details
000 -LÍDER
fixed length control field 03580nab a2200301 i 4500
003 - CÓDIGO MARC DA AGÊNCIA CATALOGADORA
Campo de controle BR-BrBNA
005 - DATA E HORA DA ÚLTIMA ATUALIZAÇÃO
Campo de controle 20250609184911.0
008 - CAMPO DE TAMANHO FIXO
fixed length control field 250609b2019 bl.mr|pooa||| 00| 0 eng |
040 ## - FONTE DA CATALOGAÇÃO
Agência catalogadora BR-BrBNA
Idioma da catalogação eng
072 ## - CATEGORIA AGRIS
Código AGRIS P35
072 ## - CATEGORIA AGRIS
Código AGRIS P33
100 ## - ENTRADA PRINCIPAL - NOME PESSOAL
Nome pessoal Cazotti, Maria Maiara
100 ## - ENTRADA PRINCIPAL - NOME PESSOAL
Nome pessoal Costa, Liovando Marciano da
100 ## - ENTRADA PRINCIPAL - NOME PESSOAL
Nome pessoal Cecon, Paulo Roberto
245 ## - TÍTULO PRINCIPAL
Título principal Biogenic, sedimentary, and metamorphic limestone: a comparative characterization of soil amendments
500 ## - NOTA GERAL
Nota geral Publicação on-line; 32 ref.; 3 illus; 3 tables; Sumaries (En, Pt)
942 ## - ADDED ENTRY ELEMENTS (KOHA)
Koha item type Analítica
520 ## - NOTA DE RESUMO
Nota de conteúdo <br/><br/>ABSTRACT - Liming acid soils is fundamental for agricultural activity such as the study and characterization of alternative liming materials. The objective of this study was to characterize biological, sedimentary, and metamorphic limestones. The following limestones were studied: biogenic (BL), sedimentary (SL), commercial (CL), and marble (ML). This study evaluated total relative neutralizing power (TRNP), chemical composition, specific surface area, and Ca2+ and Mg2+ release at concentrations of 0.10, 0.50, 1.00, and 2.00 mol L-1 HCl, in addition to the effects on the soil 90 days after limestone application. The Si identified contributed to the lower TRNP of BL (73.7%) and CL (74.4%). At the lowest HCl concentrations, BL was the most reactive, but with an increase in concentration, ML became the most reactive. The highest CaO (58.32%) and MgO (13.05%) levels were observed in SL and ML, respectively, which contained the highest Ca2+ (3.95 cmol c dm-3) and Mg2+ (1.09 cmol c dm-3) concentrations when applied to the soil. All the limestones increased pH and lowered soil H+Al. Soil Ca2+ and Mg2+ were influenced by the composition of the amendments.<br/><br/>Keywords: liming; lithothamnium; soil acidity.
520 ## - NOTA DE RESUMO
Nota de conteúdo <br/><br/>RESUMO - A correção da acidez é fundamental para a atividade agrícola em solos ácidos, assim como a caracterização e estudo do efeito no solo de fontes alternativas de corretivos. Objetivou-se caracterizar os calcários de origem biológica, sedimentar e metamórfica. Os calcários estudados foram: biogênico (CB), sedimentar (CS), comercial (CC) e o mármore (CM). Foram avaliados: poder relativo de neutralização total (PRNT); composição química; área superficial específica e liberação de Ca2+ e Mg2+ nas concentrações de 0,10; 0,50; 1,00 e 2,00 mol L-1 de HCl e os efeitos no solo, após 90 dias da aplicação dos calcários. O Si identificado contribuiu para o menor PRNT do CB (73,7%) e CC (74,4%). Nas menores concentrações de HCl, o CB mostrou-se mais reativo, porém com o aumento da concentração do HCl, o CM passou a ser mais reativo. Os maiores teores de CaO (58,32%) e MgO (13,05%) foram observados no CS e CM, respectivamente, que contribuíram com maiores aportes de Ca2+ (3,95 cmol c dm-3) e Mg2+ (1,09 cmol c dm-3), quando aplicados ao solo. Todos os calcários promoveram elevação do pH e redução do H+Al no solo. Os teores de Ca2+ e Mg2+ no solo foram influenciados pela composição dos corretivos.<br/><br/>Palavras-chave: lithothamnium; calagem; acidez do solo.<br/>
650 ## - ASSUNTO - THESAGRO
Cabeçalho tópico ou nome geográfico ANÁLISE DO SOLO
650 ## - ASSUNTO - THESAGRO
Cabeçalho tópico ou nome geográfico COLAGEM
650 ## - ASSUNTO - THESAGRO
Cabeçalho tópico ou nome geográfico ACIDEZ
650 ## - ASSUNTO - THESAGRO
Cabeçalho tópico ou nome geográfico CALCÁRIO
650 ## - ASSUNTO - THESAGRO
Cabeçalho tópico ou nome geográfico FERTILIDADE DO SOLO
773 0# - ENTRADA ANALÍTICA
Host Biblionumber 788
Registro do item 345081
Imprenta Viçosa-MG Universidade Federal de Viçosa 1944
Outro identificador 2024-5505
Título Revista Ceres (Brazil)
ISSN 0034-737X
Colação v. 66 (1) p. 63-71; (2019)
Número de controle de registro BR2025001430
856 ## - ACESSO E ENDEREÇO ELETRÔNICO
Identificador uniforme de recurso - URI https://www.scielo.br/j/rceres/a/B59SJbMyLKzqtWtVTDDYtXz/?format=pdf&lang=en

Nenhum exemplar disponível.

BINAGRI

Telefone: (61)3218-2567/2388/3357/2097 - binagri@agro.gov.br

Ministério da Agricultura e Pecuária , Esplanada dos Ministérios, Bloco D, Anexo B, Brasília/DF, CEP: 70.043-900